AH International Schools' Libraries

Digging up the past / (Record no. 48756)

MARC details
000 -LEADER
fixed length control field 00444nam a2200133 4500
020 ## - INTERNATIONAL STANDARD BOOK NUMBER
International Standard Book Number 9781409514251
100 ## - MAIN ENTRY--PERSONAL NAME
Personal name Gillespie, Lisa,
Relator term author.
9 (RLIN) 86196
245 ## - TITLE STATEMENT
Title Digging up the past /
Remainder of title Lisa Jane Gillespie, Designed by Sam Chandler and Josephie Thompson.
260 ## - PUBLICATION, DISTRIBUTION, ETC. (IMPRINT)
Place of publication, distribution, etc London :
Name of publisher, distributor, etc Usborne ;
Date of publication, distribution, etc 2010.
300 ## - PHYSICAL DESCRIPTION
Extent 32 pages.
Dimensions 0.59 x 6.14 x 8.23 inches.
650 ## - SUBJECT ADDED ENTRY--TOPICAL TERM
9 (RLIN) 6547
Topical term or geographic name as entry element History
Form subdivision ancient
650 ## - SUBJECT ADDED ENTRY--TOPICAL TERM
9 (RLIN) 35355
Topical term or geographic name as entry element Archaeologists.
942 ## - ADDED ENTRY ELEMENTS (KOHA)
Source of classification or shelving scheme
Koha item type Book

No items available.

For any Logos Library related questions please contact Miss Art at swongnarasuk@asianhope.org.

For any Asian Hope Library related questions please contact Miss Raza at graza@asianhope.org.

Click here to explore our ebooks!

Powered by Koha